| 000 | 00747nam a2200181Ia 4500 | ||
|---|---|---|---|
| 003 | OSt | ||
| 005 | 20260202114712.0 | ||
| 008 | 210210b1948 xxu||||| |||| 00| 0 eng d | ||
| 040 | _cAL | ||
| 041 | _aKannada | ||
| 082 | _a853/47 | ||
| 100 |
_aINAMADHAR (G S) _9160547 _dಇನಾಂದಾರ್ (ಜಿ ಎಸ್) |
||
| 245 |
_aShanta Kumari: _bಶಾಂತ ಕುಮಾರಿ |
||
| 260 |
_aHubballi _b- _c1948 |
||
| 690 |
_aKannada Drama _9160548 |
||
| 906 | _a019319 | ||
| 942 |
_2ddc _cBK |
||
| 999 |
_c143440 _d143440 |
||